Contratos con cláusulas predispuestas (Registro nro. 3505)
[ vista simple ]
| 000 -LEADER | |
|---|---|
| fixed length control field | 01636 a2200217 4500 |
| 001 - CONTROL NUMBER | |
| control field | 41435 |
| 005 - DATE AND TIME OF LATEST TRANSACTION | |
| control field | 20260407155708.0 |
| 008 - FIXED-LENGTH DATA ELEMENTS--GENERAL INFORMATION | |
| fixed length control field | 260407a1987 arg spa d |
| 003 - CONTROL NUMBER IDENTIFIER | |
| control field | AR-UNSa-BCEJYS |
| 040 ## - CATALOGING SOURCE | |
| Original cataloging agency | AR-UNSa-BCEJYS |
| Language of cataloging | spa |
| Transcribing agency | AR-UNSa-BCEJYS |
| 080 ## - UNIVERSAL DECIMAL CLASSIFICATION NUMBER | |
| Universal Decimal Classification number | 347.44 |
| Common auxiliary subdivision | Contratos en general. Obligaciones |
| 020 ## - INTERNATIONAL STANDARD BOOK NUMBER | |
| International Standard Book Number | 950-508-225-8 |
| 041 ## - LANGUAGE CODE | |
| Language code of text/sound track or separate title | spa |
| 100 1# - MAIN ENTRY--PERSONAL NAME | |
| Personal name | Rezzónico, Juan Carlos |
| 245 10 - TITLE STATEMENT | |
| Title | Contratos con cláusulas predispuestas |
| Name of part/section of a work | condiciones negociales generales |
| 264 #1 - PRODUCTION, PUBLICATION, DISTRIBUTION, MANUFACTURE, AND COPYRIGHT NOTICE | |
| Place of production, publication, distribution, manufacture | Buenos Aires : |
| Name of producer, publisher, distributor, manufacturer | Astrea |
| Date of production, publication, distribution, manufacture, or copyright notice | 1987 |
| 300 ## - PHYSICAL DESCRIPTION | |
| Extent | xxxviii, 692 p. |
| Dimensions | 23 cm. |
| 505 ## - FORMATTED CONTENTS NOTE | |
| Formatted contents note | 1. Tráfico de masa - 2. Intereses difusos, derecho de la consumición, acceso a la justicia y condiciones negociables generales - 3. Rasgos característicos de las condiciones negociables generales. Publicidad. Monopolios. "Kartelle" - 4. Concepto de condiciones negociables generales - 5. Definición y elementos de las condiciones negociables generales - 6. Negociación individual. Sujetos. Colisión de condiciones generales de empresas. Forma. Incorporación contractual - 7. Historia. Empresa. Economía. Técnica. Poder. Poder bancario. Prehorizontalidad - 8. El acto preformulado. Contrato de adhesión. Formulario para contrato. Actos notariales. Cláusula de estilo. Contrato preliminar. Contrato normativo. Directivo. Contrato Leonino. Otos supuestos - 9. Esencia jurídica - 10. Autonomía privada - 11. El consentimiento en la contratación moderna - 12. Cláusulas abusivas y sorpresivas. Limitación o exclusión de responsabilidad - 13. Cláusulas de riesgo - 14. Interpretación |
| 590 ## - LOCAL NOTE (RLIN) | |
| Local note | niveau_biblio:m niveau_hierar:0 |
| 942 ## - ADDED ENTRY ELEMENTS (KOHA) | |
| Koha item type | |
| Withdrawn status | Lost status | Damaged status | Not for loan | Home library | Current library | Shelving location | Date acquired | Total checkouts | Full call number | Barcode | Date last seen | Price effective from | Koha item type |
|---|---|---|---|---|---|---|---|---|---|---|---|---|---|
| Biblioteca Prof. Eusebio Cleto del Rey | Biblioteca Prof. Eusebio Cleto del Rey | 07/04/2026 | 347.44 R467 | L119106 | 07/04/2026 | 07/04/2026 | Libro |